LEADER 00960nam0-2200313---450- 001 990008623480403321 005 20080222124404.0 010 $a3-515-08208-5 035 $a000862348 035 $aFED01000862348 035 $a(Aleph)000862348FED01 035 $a000862348 100 $a20080222d2003----km-y0itay50------ba 101 0 $ager 102 $aDE 105 $ay---n-----00yy 200 1 $a<>Beendigung des Sklavenstatus im Altertum$eein Beitrag zur vergleichenden Sozialgeschichte$fvon Ingomar Weiler 210 $aStuttgart$cSteiner$d2003 215 $aVIII, 356 p.$d24 cm 225 1 $aForschungen zur antiken Sklaverei$v36. 676 $a306.3620938$v19$zita 700 1$aWeiler,$bIngomar$0205245 801 0$aIT$bUNINA$gRICA$2UNIMARC 901 $aBK 912 $a990008623480403321 952 $aDirez. W-028$b9638 ddr$fDDR$m21-11767 959 $aDDR 996 $aBeendigung des Sklavenstatus im Altertum$9714330 997 $aUNINA LEADER 03600oam 2201153zu 450 001 9910164335903321 005 20221216232923.0 010 $a0-8031-5296-5 035 $a(CKB)3170000000044173 035 $a(SSID)ssj0001184261 035 $a(PQKBManifestationID)11703730 035 $a(PQKBTitleCode)TC0001184261 035 $a(PQKBWorkID)11191146 035 $a(PQKB)11642032 035 $a(EXLCZ)993170000000044173 100 $a20160829d1995 uy 101 0 $aeng 181 $ctxt 182 $cc 183 $acr 200 00$aLead in paint, soil, and dust : health risks, exposure studies, control measures, measurement methods, and quality assurance 210 31$a[Place of publication not identified]$cASTM$d1995 225 0 $aSTP Lead in paint, soil, and dust 300 $aBibliographic Level Mode of Issuance: Monograph 311 $a0-8031-1884-8 517 $aLead in Paint, Soil and Dust 606 $aLead poisoning$xCongresses 606 $aLead$xCongresses$xEnvironmental aspects 606 $aPoisoning 606 $aParticulate Matter 606 $aEnvironment 606 $aMetals, Heavy 606 $aManufactured Materials 606 $aGeological Phenomena 606 $aEnvironmental Pollution 606 $aComplex Mixtures 606 $aChemical Phenomena 606 $aPublic Health 606 $aEnvironment and Public Health 606 $aElements 606 $aEcological and Environmental Phenomena 606 $aSubstance-Related Disorders 606 $aMetals 606 $aTechnology, Industry, and Agriculture 606 $aPhysical Phenomena 606 $aBiological Phenomena 606 $aInorganic Chemicals 606 $aHealth Care 606 $aDiseases 606 $aSoil 606 $aLead Poisoning 606 $aDust 606 $aPaint 606 $aLead 606 $aEnvironmental Exposure 606 $aPublic Health$2HILCC 606 $aHealth & Biological Sciences$2HILCC 606 $aToxicology & Public Health$2HILCC 615 0$aLead poisoning$xCongresses 615 0$aLead$xCongresses$xEnvironmental aspects 615 2$aPoisoning 615 2$aParticulate Matter 615 2$aEnvironment 615 2$aMetals, Heavy 615 2$aManufactured Materials 615 2$aGeological Phenomena 615 2$aEnvironmental Pollution 615 2$aComplex Mixtures 615 2$aChemical Phenomena. 615 2$aPublic Health 615 2$aEnvironment and Public Health 615 2$aElements 615 2$aEcological and Environmental Phenomena 615 2$aSubstance-Related Disorders 615 2$aMetals 615 2$aTechnology, Industry, and Agriculture 615 2$aPhysical Phenomena 615 2$aBiological Phenomena 615 2$aInorganic Chemicals 615 2$aHealth Care 615 2$aDiseases 615 2$aSoil 615 2$aLead Poisoning 615 2$aDust 615 2$aPaint 615 2$aLead 615 2$aEnvironmental Exposure 615 7$aPublic Health 615 7$aHealth & Biological Sciences 615 7$aToxicology & Public Health 676 $a615.9/25688 702 $aBeard$b Michael E 702 $aIske$b S. D. Allen$f1950- 712 12$aConference on Lead in Paint, Soil, and Dust$f(1993 :$eBoulder, Colo.) 801 0$bPQKB 906 $aBOOK 912 $a9910164335903321 996 $aLead in paint, soil, and dust : health risks, exposure studies, control measures, measurement methods, and quality assurance$91995651 997 $aUNINA LEADER 02096nam 2200457 450 001 9910796017603321 005 20200124083509.0 010 $a2-8062-5455-8 035 $a(CKB)3790000000017525 035 $a(EBL)2051971 035 $a(OCoLC)910446490 035 $a(MiAaPQ)EBC2051971 035 $a(Au-PeEL)EBL2051971 035 $a(PPN)233388001 035 $a(EXLCZ)993790000000017525 100 $a20200124d2015 uy 0 101 0 $afre 135 $aur|n|---||||| 181 $ctxt$2rdacontent 182 $cc$2rdamedia 183 $acr$2rdacarrier 200 10$aAmerigo Vespucci, de l'Amazone a? Rio de Janeiro $el'homme qui a donne? son nom a? l'Ame?rique /$fpar Me?lanie Mettra 210 1$a[Place of publication not identified] :$c50Minutos.es,$d[2015] 210 4$dİ2015 215 $a1 online resource (32 p.) 225 0 $aGrandes de?couvertes ;$vNume?ro 12 300 $aDescription based upon print version of record. 311 $a2-8062-5633-X 327 $aSources bibliographiquesSources comple?mentaires; Roman; Documentaires; Copyright 330 $a De?couvrez enfin tout ce qu'il faut savoir sur Amerigo Vespucci et la de?couverte de l'embouchure de l'Amazone et de la baie de Rio de Janeiro en moins d'une heure !Au cours de ses expe?ditions, Amerigo Vespucci, passionne? par les aventures de Christophe Colomb, de?couvre l'embouchure de l'Amazone et la baie de Rio de Janeiro. Le premier, il e?met l'hypothe?se que les terres de?couvertes ne sont pas une partie inconnue de l'Asie, mais bien un nouveau continent. C'est pourquoi, lorsqu'il re?alise de nouvelles cartes, Martin Waldseemu?ller choisit de donner le pre?nom du navigateur italien au continent, 410 0$aGrandes De?couvertes 607 $aAmerica$xDiscovery and exploration 676 $a970.01 700 $aMettra$b Me?lanie$01116635 801 0$bMiAaPQ 801 1$bMiAaPQ 801 2$bMiAaPQ 906 $aBOOK 912 $a9910796017603321 996 $aAmerigo Vespucci, de l'Amazone a? Rio de Janeiro$93866794 997 $aUNINA